| 000 | 00720nam a2200229Ia 4500 | ||
|---|---|---|---|
| 005 | 20260601193254.0 | ||
| 008 | 260601s9999||||xx |||||||||||||| ||und|| | ||
| 020 |
_a978-3-031-68617-7 _qebk |
||
| 100 | _aHemachandran K | ||
| 245 | 0 | _aArtificial Intelligence and Knowledge Processing | |
| 250 | _a2024 | ||
| 260 |
_aHeidelberg, Germany _bSpringer Nature _c2024 |
||
| 440 | _aCommunications in Computer and Information Science | ||
| 650 | _aComputer Science | ||
| 700 | _aGuandong Xu | ||
| 700 | _aKok-Leong Ong | ||
| 700 | _aManjeet Rege | ||
| 700 | _aRaul Villamarin Rodriguez | ||
| 700 | _aVincenzo Piuri | ||
| 856 | _uhttps://link.springer.com/openurl?genre=book&isbn=978-3-031-68617-7 | ||
| 942 |
_cEB _2ddc |
||
| 999 |
_c56803 _d56803 |
||